00497 2200181 4500245006000000020002200060250001100082100001500093700002500108700001800133650002100151005001900172260007300191041001400264084001000278300001800288336000900306 aToloong!Aku Terjebak di Dunia MonstercTria Ayu KhText a978-602-437-884-4 aCet. 1 aTria Ayu K aRosalia Destarisa B. aKity Karenisa aCerita Bergambar a20240926123640 aJakartabKementrian Pendidikan, Keudayaan, Rset, dan Teknologic2019 aIndonesia a741.5 aiv :c26 hlm. atext